000 00847nam a2200241 i 4500
001 000039233
003 DO-SdBNP
005 20240130143739.0
007 ta
008 130612s2013 dr ac 000 0 spa d
040 _aDO-SdBNP
_bspa
_cBNPHU
_erda
082 4 _222
245 0 0 _a¡Nunca más! :
_bquerella de Guillermo Moreno contra Leonel Fernández y la FUNGLODE, presentada ante la Procuraduría Fiscal del Distrito Nacional /
_cPresentación, Guillermo Moreno.
264 _aSanto Domingo _
_bAlianza País,
_c2013.
300 _a107 páginas ;
_c22 cm.
336 _2rdacontent
_atexto
_btxt
337 _2rdamedia
_asin mediación
_bn
338 _2rdacarrier
_avolumen
_bnc
500 _aIncluye notas al pie de las páginas
590 _aInventariado, 2024/BT
700 1 _aMoreno, Guillermo,
_epresentación
_931108
942 _2ddc
_cLBS1
999 _c38723
_d38723